Country and Capital Neighbour Connect with Disappearing World Map: Northernmost - Statistics

General Stats
  • This quiz has been taken 360 times
  • The average score is 181 of 392
Answers on the Map
Answers color-coded by a green-red scale on the quiz's map according to % correct below.
 
Answer Stats
Hint Hint Country/Capital % Correct
401.7 57 Norway
100%
437 52 Finland
97%
414.3 60.5 Sweden
97%
577 52 Russia
83%
437 52 Helsinki
82%
401.7 57 Oslo
78%
414.3 60.5 Stockholm
78%
577 52 Moscow
76%
443.4 81.2 Belarus
72%
439 64.8 Estonia
72%
438 70.6 Latvia
72%
434.3 76.3 Lithuania
72%
443.4 81.2 Minsk
72%
438 70.6 Riga
72%
439 64.8 Tallinn
72%
423.6 87.1 Warsaw
72%
404 89.9 Berlin
71%
434.3 76.3 Vilnius
71%
393 86.9 Amsterdam
70%
391 91 Belgium
70%
398.4 103.5 Bern
70%
391 91 Brussels
70%
401.5 73.5 Copenhagen
70%
401.5 73.5 Denmark
70%
404 89.9 Germany
70%
394.3 94.2 Luxembourg
70%
394.3 94.2 Luxembourg (cap)
70%
393 86.9 Netherlands
70%
386 105 Paris
70%
414.2 100.9 Austria
69%
423 98 Bratislava
69%
424.4 103.1 Budapest
69%
418 108 Croatia
69%
414 93.8 Czech Republic
69%
424.4 103.1 Hungary
69%
450.6 96 Kiev
69%
413 106.5 Ljubljana
69%
444.4 102 Moldova
69%
423.7 117.8 Montenegro
69%
423.6 87.1 Poland
69%
414 93.8 Prague
69%
436.7 107.1 Romania
69%
421 113 Sarajevo
69%
427.6 113 Serbia
69%
423 98 Slovakia
69%
413 106.5 Slovenia
69%
450.6 96 Ukraine
69%
414.2 100.9 Vienna
69%
427.6 113 Belgrade
68%
421 113 Bosnia and Herzegovina
68%
436.7 107.1 Bucharest
68%
444.4 102 Chișinău
68%
427.5 118.5 Kosovo
68%
425.5 124 Tirana
68%
418 108 Zagreb
68%
425.5 124 Albania
67%
460.3 130.6 Ankara
67%
480.5 125 Armenia
67%
487.6 125 Azerbaijan
67%
487.6 125 Baku
67%
437.8 117.9 Bulgaria
67%
479 120 Georgia
67%
430 129 Greece
67%
429.5 121.7 Macedonia
67%
423.7 117.8 Podgorica
67%
427.5 118.5 Pristina
67%
429.5 121.7 Skopje
67%
437.8 117.9 Sofia
67%
479 120 Tbilisi
67%
430 129 Athens
66%
460.3 130.6 Turkey
66%
480.5 125 Yerevan
66%
533 100 Astana
60%
533 100 Kazakhstan
60%
615 140.9 Beijing
59%
548 122 Bishkek
59%
615 140.9 China
59%
548 122 Kyrgyzstan
59%
614.2 104.1 Mongolia
59%
665.7 127 North Korea
59%
665.7 127 Pyongyang
59%
669 139 Seoul
59%
669 139 South Korea
59%
525 122.5 Tashkent
59%
501.3 152.5 Tehran
59%
513 130.6 Turkmenistan
59%
614.2 104.1 Ulaanbaatar
59%
525 122.5 Uzbekistan
59%
545.2 133.5 Dushanbe
58%
528 149.2 Afghanistan
57%
462.3 158.9 Amman
57%
513 130.6 Ashgabat
57%
478.8 149.9 Baghdad
57%
461.7 146.8 Beirut
57%
467 143 Damascus
57%
495.7 176.2 Doha
57%
501.3 152.5 Iran
57%
478.8 149.9 Iraq
57%
535.7 164.2 Islamabad
57%
459 157 Jerusalem
57%
462.3 158.9 Jordan
57%
528 149.2 Kabul
57%
487 162.9 Kuwait
57%
487 162.9 Kuwait City
57%
461.7 146.8 Lebanon
57%
495.7 176.2 Qatar
57%
482.1 179.9 Riyadh
57%
482.1 179.9 Saudi Arabia
57%
467 143 Syria
57%
545.2 133.5 Tajikistan
57%
502 182.5 Abu Dhabi
56%
459 157 Israel
56%
509.33 187.2 Muscat
56%
509.33 187.2 Oman
56%
488.3 208.2 Sana'a
56%
502 182.5 United Arab Emirates
56%
488.3 208.2 Yemen
56%
363 82.5 Dublin
55%
363 82.5 Ireland
55%
377 86 London
55%
372 127.5 Madrid
55%
377 86 United Kingdom
55%
384.2 167.2 Algeria
54%
384.2 167.2 Algiers
54%
447 171.3 Cairo
54%
366 153.5 Rabat
54%
419.3 172.9 Tripoli
54%
401 148 Tunis
54%
401 148 Tunisia
54%
386 105 France
53%
416.4 124.2 Italy
53%
402 103.1 Liechtenstein
53%
416.4 124.2 Rome
53%
408.5 113.9 San Marino
53%
408.5 113.9 San Marino (cap)
53%
372 127.5 Spain
53%
398.4 103.5 Switzerland
53%
402 103.1 Vaduz
53%
408.5 120.7 Vatican City
53%
408.5 120.7 Vatican City (cap)
53%
384 118.7 Andorra
52%
384 118.7 Andorra la Vella
52%
397.2 114.5 Monaco
52%
397.2 114.5 Monaco (cap)
52%
180.9 203.6 Belize
45%
180.9 203.6 Belmopan
45%
216.3 247.5 Bogotá
45%
266 294 Brazil
45%
143 66 Canada
45%
232 235 Caracas
45%
216.3 247.5 Colombia
45%
192 228 Costa Rica
45%
204 265.5 Ecuador
45%
180.4 215 El Salvador
45%
248 242 Georgetown
45%
177.4 210 Guatemala
45%
177.4 210 Guatemala City
45%
248 242 Guyana
45%
184.5 210.7 Honduras
45%
208 292 Lima
45%
188.2 218.1 Managua
45%
151 182 Mexico
45%
151 182 Mexico City
45%
188.2 218.1 Nicaragua
45%
143 66 Ottawa
45%
198 232.5 Panama
45%
198 232.5 Panama City
45%
254.4 248.1 Paramaribo
45%
208 292 Peru
45%
204 265.5 Quito
45%
192 228 San José
45%
180.4 215 San Salvador
45%
254.4 248.1 Suriname
45%
184.5 210.7 Tegucigalpa
45%
153 129 United States
45%
232 235 Venezuela
45%
153 129 Washington D.C.
45%
466.3 209.2 Asmara
44%
447 171.3 Egypt
44%
448.5 209.5 Khartoum
44%
419.3 172.9 Libya
44%
377 202.2 Mali
44%
354 195.5 Mauritania
44%
366 153.5 Morocco
44%
403.3 203.9 Niger
44%
354 195.5 Nouakchott
44%
234 373 Argentina
43%
248.9 339.7 Asunción
43%
377 202.2 Bamako
43%
236 319 Bolivia
43%
266 294 Brasília
43%
234 373 Buenos Aires
43%
422.6 209.4 Chad
43%
218 384 Chile
43%
347 212 Dakar
43%
466.3 209.2 Eritrea
43%
344 216 Gambia
43%
236 319 La Paz
43%
361.7 127.6 Lisbon
43%
254.9 370.2 Montevideo
43%
403.3 203.9 Niamey
43%
248.9 339.7 Paraguay
43%
361.7 127.6 Portugal
43%
218 384 Santiago
43%
347 212 Senegal
43%
448.5 209.5 Sudan
43%
254.9 370.2 Uruguay
43%
344 216 Banjul
42%
347.7 220.3 Bissau
42%
353.3 224.2 Conakry
42%
354 232.9 Freetown
42%
353.3 224.2 Guinea
42%
347.7 220.3 Guinea-Bissau
42%
359.2 239.6 Liberia
42%
354 232.9 Sierra Leone
42%
398 230.8 Abuja
41%
378.2 234.5 Accra
41%
470 234.2 Addis Ababa
41%
385.7 225 Benin
41%
377 219 Burkina Faso
41%
407 247 Cameroon
41%
427.6 239 Central African Republic
41%
368 235.9 Cote d'Ivoire
41%
476.4 221.6 Djibouti
41%
476.4 221.6 Djibouti (cap)
41%
470 234.2 Ethiopia
41%
378.2 234.5 Ghana
41%
383 232.4 Lomé
41%
359.2 239.6 Monrovia
41%
422.6 209.4 N'Djamena
41%
398 230.8 Nigeria
41%
377 219 Ouagadougou
41%
385.7 225 Porto-Novo
41%
416.9 260.5 Republic of the Congo
41%
449.6 239.5 South Sudan
41%
383 232.4 Togo
41%
368 235.9 Yamoussoukro
41%
420 301.2 Angola
40%
427.6 239 Bangui
40%
416.9 260.5 Brazzaville
40%
433 267.2 Democratic Republic of the Congo
40%
404 255.8 Equatorial Guinea
40%
406.5 264 Gabon
40%
449.6 239.5 Juba
40%
453.1 256.6 Kampala
40%
465.8 259.9 Kenya
40%
433 267.2 Kinshasa
40%
406.5 264 Libreville
40%
420 301.2 Luanda
40%
404 255.8 Malabo
40%
488 230 Mogadishu
40%
465.8 259.9 Nairobi
40%
488 230 Somalia
40%
453.1 256.6 Uganda
40%
407 247 Yaoundé
40%
435 336.1 Botswana
39%
447.8 272.6 Burundi
39%
459.1 282.5 Dodoma
39%
435 336.1 Gaborone
39%
447 325 Harare
39%
447.8 267.7 Kigali
39%
456 307 Lilongwe
39%
438 310 Lusaka
39%
456 307 Malawi
39%
467 309.5 Maputo
39%
451.3 350.1 Mbabane
39%
467 309.5 Mozambique
39%
418 328 Namibia
39%
535.7 164.2 Pakistan
39%
431 365 Pretoria
39%
447.8 267.7 Rwanda
39%
431 365 South Africa
39%
451.3 350.1 Swaziland
39%
418 328 Windhoek
39%
438 310 Zambia
39%
447 325 Zimbabwe
39%
583 181.8 Bangladesh
38%
584.1 169.4 Bhutan
38%
447.8 272.6 Bujumbura
38%
583 181.8 Dhaka
38%
624.3 219.9 Hanoi
38%
556 185.9 India
38%
569.8 166.5 Kathmandu
38%
610.3 194.9 Laos
38%
444 360.5 Lesotho
38%
444 360.5 Maseru
38%
597 188.5 Myanmar
38%
597 188.5 Naypyidaw
38%
569.8 166.5 Nepal
38%
556 185.9 New Delhi
38%
459.1 282.5 Tanzania
38%
584.1 169.4 Thimphu
38%
610.3 194.9 Vientiane
38%
624.3 219.9 Vietnam
38%
608 207.9 Bangkok
37%
616 219.1 Cambodia
37%
608 207.9 Thailand
37%
638.6 246.1 Bandar Seri Begawan
36%
638.6 246.1 Brunei
36%
664.3 290.8 Dili
36%
664.3 290.8 East Timor
36%
635.5 264 Indonesia
36%
635.5 264 Jakarta
36%
610.3 247.2 Kuala Lumpur
36%
610.3 247.2 Malaysia
36%
703.7 282.4 Papua New Guinea
36%
616 219.1 Phnom Penh
36%
703.7 282.4 Port Moresby
36%
341 43 Iceland
35%
693.3 140 Japan
35%
341 43 Reykjavík
35%
693.3 140 Tokyo
35%
412.9 141.1 Valletta
35%
494.3 174 Bahrain
34%
455.3 143.7 Cyprus
34%
412.9 141.1 Malta
34%
494.3 174 Manama
34%
455.3 143.7 Nicosia
34%
209 180.9 Bahamas
33%
206 190.2 Cuba
33%
206 190.2 Havana
33%
209 180.9 Nassau
33%
652.9 182.1 Taipei
33%
652.9 182.1 Taiwan
33%
218 196 Haiti
32%
221 197 Dominican Republic
31%
206 200.2 Jamaica
31%
206 200.2 Kingston
31%
218 196 Port-au-Prince
31%
221 197 Santo Domingo
31%
241.4 204 Antigua and Barbuda
29%
239.4 203.4 Basseterre
29%
326.7 206.9 Cape Verde
29%
242.4 209.5 Dominica
29%
326.7 206.9 Praia
29%
242.4 209.5 Roseau
29%
241.4 204 Saint John's
29%
239.4 203.4 Saint Kitts and Nevis
29%
657 220.6 Manila
28%
657 220.6 Philippines
28%
246.5 217 Barbados
27%
243.2 214.6 Castries
27%
241.6 220.6 Saint George's
27%
243.2 214.6 Saint Lucia
27%
242.7 216.8 Saint Vincent and the Grenadines
27%
246.5 217 Bridgetown
26%
241.6 220.6 Grenada
26%
242.7 216.8 Kingstown
26%
242.5 226.6 Port-of-Spain
25%
760.6 232.2 Marshall Islands
24%
680.5 241.3 Palau
24%
562 235.3 Sri Jayawardenepura Kotte
24%
562 235.3 Sri Lanka
24%
242.5 226.6 Trinidad and Tobago
24%
717.7 235.2 Federated States of Micronesia
23%
21 272 Kiribati
23%
756.2 263.4 Nauru
22%
680.5 241.3 Ngerulmud
22%
756.2 263.4 Yaren
22%
802.8 307.7 Apia
21%
782.9 320.1 Fiji
21%
760.6 232.2 Majuro
21%
545.9 248.9 Maldives
21%
545.9 248.9 Malé
21%
717.7 235.2 Palikir
21%
395.5 260.6 São Tomé
21%
395.5 260.6 São Tomé and Príncipe
21%
505.5 277 Seychelles
21%
21 272 South Tarawa
21%
782.9 320.1 Suva
21%
755.5 318.6 Vanuatu
21%
505.5 277 Victoria
21%
486 324.3 Antananarivo
20%
683 342 Australia
20%
683 342 Canberra
20%
479.4 301.4 Comoros
20%
804.5 282.8 Funafuti
20%
486 324.3 Madagascar
20%
510.1 329.1 Mauritius
20%
479.4 301.4 Moroni
20%
776.7 391.9 New Zealand
20%
510.1 329.1 Port Louis
20%
755.5 318.6 Port Vila
20%
802.8 307.7 Samoa
20%
614.2 256.7 Singapore
20%
614.2 256.7 Singapore (cap)
20%
742.1 295 Solomon Islands
20%
798.1 328.7 Tonga
20%
804.5 282.8 Tuvalu
20%
776.7 391.9 Wellington
20%
798.1 328.7 Nukuʻalofa
19%
742.1 295 Honiara
18%
No matching quizzes found
Score Distribution
Percent of People with Each Score
Percentile by Number Answered
Your Score History
You have not taken this quiz